Elecciones provinciales, adaptación de la Ley electoral de 8 de agosto de 1907 a las elecciones de Diputados provinciales con los artículos vigentes según el R.D. de 5 de noviembre de 1900 y los de la ley provincial a que se hace referencia / (Record no. 43252)

MARC details
000 -LEADER
campo de control de longitud fija 00668nam a2200157 i 4500
001 - NÚMERO DE CONTROL
campo de control 43252
003 - IDENTIFICADOR DE NÚMERO DE CONTROL
campo de control ES-MaACL
005 - FECHA Y HORA DE LA ÚLTIMA TRANSACCIÓN
campo de control 20230906160747.0
007 - CAMPO FIJO DE DESCRIPCIÓN FÍSICA--INFORMACIÓN GENERAL
campo de control de longitud fija t|
008 - DATOS DE LONGITUD FIJA--INFORMACIÓN GENERAL
campo de control de longitud fija 030317s1911 sp ||||1| spa d
100 1# - ENTRADA PRINCIPAL--NOMBRE DE PERSONA
Nombre de persona Catalá y Gavilá, Juan Bautista.
9 (RLIN) 37018
245 10 - MENCIÓN DEL TÍTULO
Título Elecciones provinciales, adaptación de la Ley electoral de 8 de agosto de 1907 a las elecciones de Diputados provinciales con los artículos vigentes según el R.D. de 5 de noviembre de 1900 y los de la ley provincial a que se hace referencia /
Mención de responsabilidad, etc. Juan Bautista Catalá y Gavilá.
260 ## - PUBLICACIÓN, DISTRIBUCIÓN, ETC.
Lugar de publicación, distribución, etc. Madrid :
Nombre del editor, distribuidor, etc. [s.n.,
Fecha de publicación, distribución, etc. 1911] (
Fabricante El Liberal)
300 ## - DESCRIPCIÓN FÍSICA
Extensión 105 p. ;
Dimensiones 16 cm.
852 ## - LOCALIZACIÓN
Ubicación ES-MaACL
Número de control de estantería G-342
Holdings
Estatus retirado Estado de pérdida Estado de daño No para préstamo Biblioteca de origen Biblioteca actual Ubicación en estantería Fecha de adquisición Fuente de adquisición Total de préstamos Signatura topográfica completa Código de barras Visto por última vez Precio de reemplazo Tipo de ítem Koha
        Biblioteca del Ateneo de Madrid Biblioteca del Ateneo de Madrid Depósito 2 17/01/2008     G-342 1045531 23/02/2023 23/02/2023 Libro impreso